20 Najmniejszych miast w województwie Pomorskim! - Statystyki

Ogólne statystyki
  • Ten quiz został rozwiązany 31 razy
  • Średni wynik to 11 z 20
Statystyki odpowiedzi
Miejsce Populacja Miasto % Poprawnych
4. 2850 Hel
77%
5. 3100 Łeba
77%
2. 2650 Jastarnia
69%
1. 1250 Krynica Morska
62%
19. 9400 Władysławowo
62%
3. 2700 Czarna Woda
54%
12. 5650 Czarne
54%
13. 6200 Gniew
54%
14. 6650 Żukowo
54%
20. 9500 Miastko
50%
15. 6700 Skarszewy
50%
7. 3450 Skórcz
50%
11. 5100 Brusy
46%
9. 4900 Debrzno
46%
10. 5000 Dzierzgoń
46%
8. 4000 Nowy Staw
46%
16. 7250 Pelplin
42%
17. 8200 Prabuty
42%
18. 9250 Sztum
42%
6. 3300 Kępice
38%
Nie znaleziono quizów pasujących do podanych kryteriów
Rozkład punktacji
Procent ludzi z każdym wynikiem
Percentyl według liczby udzielonych odpowiedzi
Twoja historia wyników
Nie rozwiązałeś tego quizu